ბათუმის შოთა რუსთაველის სახელმწიფო უნივერსიტეტის ბიბლიოთეკა

Fundamental of general Topology: Problems and Exercises (ბიბ.ჩანაწერი № 35611)

000 -LEADER
fixed length control field 00494nam a2200193Ia 4500
001 - CONTROL NUMBER
control field 1477
003 - CONTROL NUMBER IDENTIFIER
control field GE_BSU
008 - FIXED-LENGTH DATA ELEMENTS--GENERAL INFORMATION
fixed length control field 181216s||||||||xx |||||||||||||| ||und||
040 ## - CATALOGING SOURCE
Transcribing agency GE_BSU
080 ## - UNIVERSAL DECIMAL CLASSIFICATION NUMBER
Universal Decimal Classification number 515.1
100 ## - MAIN ENTRY--PERSONAL NAME
Personal name Arkhangel'skii,A.V. Ponomarev, V.L.
245 ## - TITLE STATEMENT
Title Fundamental of general Topology: Problems and Exercises
260 ## - PUBLICATION, DISTRIBUTION, ETC.
Place of publication, distribution, etc. Delhi
260 ## - PUBLICATION, DISTRIBUTION, ETC.
Date of publication, distribution, etc. 1984
300 ## - PHYSICAL DESCRIPTION
Extent 415c.
653 ## - INDEX TERM--UNCONTROLLED
Uncontrolled term Fundamental of general Topology: Problems and Exercises
942 ## - ADDED ENTRY ELEMENTS (KOHA)
Koha item type წიგნი
ეგზემპლარები
Withdrawn status Lost status Damaged status Not for loan Date acquired Barcode Date last seen Price effective from Koha item type Public note
        2018-12-17 2581 2018-12-17 2018-12-17 წიგნი დარბაზი
        2018-12-17 2582 2018-12-17 2018-12-17 წიგნი დარბაზი